Responses for Show #1726 - Monday, February 17, 1992

Contestants

[<< previous game]

David Thomas, a banker from Houston, Texas

Evelyn Marcus, a museum curator from Norwich, Vermont

Tom Michael, a medical conference planner from Charlottesville, Virginia (whose 1-day cash winnings total $17,001)

[next game >>]

Jeopardy! Round responses

NAME BRANDS
RECENT HISTORY
SPORTS
COMPLETES THE PLAY TITLE
RHYMING SLANG
ROCKS & MINERALS
    $100 20
A.1.

Tom
    $100 1
Japan

Evelyn
    $100 2
the Harlem Globetrotters

Tom
    $100 7
I Sing

Tom
    $100 15
his wife

Evelyn
    $100 12
emerald

Evelyn
    $200 22
Vaseline

Evelyn
    $200 3
Israel

Tom
    $200 26
Gordie Howe

Tom
    $200 8
the August Moon

Evelyn
    $200 16
your hat

Evelyn
    $200 13
uranium

Tom
    $300 23
Ivory soap

Evelyn
    $300 4
(Evelyn: Who is Gandhi?)
(Alex: Be more specific.)
(Evelyn: [Shakes head])

Rajiv Gandhi

TomEvelyn
    $300 27
Shea Stadium

Tom
    $300 9
Rita

Tom
    $300 17
your pocket

Evelyn
    $300 14
(Tom: What is calcite?)

quartz

TomEvelyn
    $400 24
the Smith Brothers

Tom
    $600 5
Colombia

Tom
    $400 28
Don Shula

Evelyn
    $400 10
the People

Tom
    $400 18
a looking glass

Triple Stumper
    $400 21
(rock) salt

Evelyn
    $500 30
Cracker Jack

Tom
    $500 6
(Evelyn: What is Nigeria?)

Zimbabwe

EvelynDavid
    $500 29
the Indianapolis Speedway

Triple Stumper
    $500 11
Oppenheimer

Triple Stumper
    $500 19
boots

Triple Stumper
    $500 25
tungsten

Tom

Scores at the first commercial break (after clue 13):

Tom Evelyn David
$2,200 -$400 $500

Scores at the end of the Jeopardy! Round:

Tom Evelyn David
$3,900 $1,800 $500

Double Jeopardy! Round responses

THE MIDDLE AGES
ZOOS
ARCHITECTURE
BOOKS & AUTHORS
FIRST LADIES
U.S. TERRITORIES
    $200 10
Moscow

Tom
    $200 18
(Evelyn: What is, uh, Manhattan?)
(Tom: What is Brooklyn?)
(David: What is Queens?)
[Laughter]
...
(Evelyn: I was born there.)
(Alex: And Evelyn would have said if given a second chance?)
(Evelyn: [*].)

the Bronx

TomEvelynDavid
Triple Stumper
    $200 9
Greece

Tom
    $200 13
Jane Fonda

Evelyn
    $200 1
Pat Nixon

David
    $200 4
the Panama Canal

Tom
    $400 11
Charles Martel

Tom
    $400 19
Audubon

Tom
    $400 25
walk

Evelyn
    $400 14
Buffalo Bob (Smith)

David
    $400 2
Abigail Adams

Tom
    $1,200 5
Puerto Rico

Tom
    $600 12
(1 of) Richard the Lionhearted (Philip Augustus & Frederick Barbarossa)

Evelyn
    $600 20
Miami

Evelyn
    $600 26
(Tom: What is Rome or Roman?)
[Alex hesitates how to rule]
(Tom: Architecture?)

Romanesque

TomEvelyn
    $600 15
(Joe) Wambaugh

Tom
    $1,300 3
(Tom: Who was, uh, Mrs. Carter?)

Barbara Bush

Tom
    $600 6
Guam

Triple Stumper
    $800 16
the Aztecs

Tom
    $800 21
Regent's Park

Tom
    $800 27
(Tom: What is Stuart?)
...
(Alex: Named for James I.)

Jacobean

TomDavid
    $800 23
Philip Roth

David
    $800 28
Mary Todd Lincoln

David
    $800 7
(David: What is St. Croix?)

St. John

David
Triple Stumper
    $1000 17
(Alex: The Friars Preachers are the Dominicans, hence the correct response is, "Who is [*]?")

Saint Dominic

Triple Stumper
    $1000 22
Vienna

Tom
    $1000 30
Rococo

Triple Stumper
    $1000 24
Russell Baker

Evelyn
    $1000 29
(David: Who is Florence Harding?)

Lucy Hayes ("Lemonade Lucy")

David
Triple Stumper
    $1000 8
Samoa

Evelyn

Scores at the end of the Double Jeopardy! Round:

Tom Evelyn David
$7,200 $6,000 $1,500

[wagering suggestions for these scores]

Final Jeopardy! Round responses

LAKES & RIVERS
(Alex: [**] borders the state of Michigan and [*] borders the state of New York.)
DavidWhat are Superior and Ontario?
$100
EvelynWhat are Superior & Michigan
$2,999
TomWhat are Erie and Sup Huron
$4,801
Lake Ontario & Lake Huron

Final scores:

Tom Evelyn David
$2,399 $3,001 $1,400
2nd place: trip on Delta to Hartford, Connecticut & stay at the Sugarbush Inn New champion: $3,001 3rd place: Cuisinart espresso & cappuccino machine + Nintendo Entertainment System with Super Jeopardy! & Wheel of Fortune + InfoGenius for Game Boy

Game dynamics:

Coryat scores:

Tom Evelyn David
$7,500 $6,000 $1,500
25 R
(including 2 DDs),
5 W
(including 1 DD)
18 R,
3 W
6 R,
3 W

Combined Coryat: $15,000

[game clues] [game scores] [suggest correction]

Game tape date: 1991-11-20
The J! Archive is created by fans, for fans. Scraping, republication, monetization, and malicious use prohibited; this site may use cookies and collect identifying information. See terms. The Jeopardy! game show and all elements thereof, including but not limited to copyright and trademark thereto, are the property of Jeopardy Productions, Inc. and are protected under law. This website is not affiliated with, sponsored by, or operated by Jeopardy Productions, Inc. Join the discussion at JBoard.tv.